<?xml version="1.0" encoding="UTF-8"?>
<record
    xmlns:xsi="http://www.w3.org/2001/XMLSchema-instance"
    xsi:schemaLocation="http://www.loc.gov/MARC21/slim http://www.loc.gov/standards/marcxml/schema/MARC21slim.xsd"
    xmlns="http://www.loc.gov/MARC21/slim">

  <leader>01436cam a2200181 a 4500</leader>
  <datafield tag="020" ind1=" " ind2=" ">
    <subfield code="a">068483233X</subfield>
  </datafield>
  <datafield tag="020" ind1=" " ind2=" ">
    <subfield code="a">9780684832333</subfield>
  </datafield>
  <datafield tag="040" ind1=" " ind2=" ">
    <subfield code="c">DLC</subfield>
  </datafield>
  <datafield tag="082" ind1="0" ind2="0">
    <subfield code="a">909 SHA 2000 A087 Or.</subfield>
  </datafield>
  <datafield tag="100" ind1="1" ind2=" ">
    <subfield code="a">Shawcross, William</subfield>
  </datafield>
  <datafield tag="245" ind1="1" ind2="0">
    <subfield code="a">Deliver us from evil :</subfield>
    <subfield code="b">peacekeepers, warlords, and a world of endless conflict /</subfield>
  </datafield>
  <datafield tag="300" ind1=" " ind2=" ">
    <subfield code="a">447 pages ;</subfield>
    <subfield code="c">25 cm</subfield>
  </datafield>
  <datafield tag="520" ind1="1" ind2=" ">
    <subfield code="a">"The end of the Cold War was followed by a decade of regional and ethnic wars, massacres and forced exiles, and by constant calls for America to lead the international community as chief peacekeeper. The efforts of that community - identified with the United Nations but often dominated by the world's wealthy nations - have had mixed results." "Shawcross, a veteran of many war zones, has had broad access to global policymakers, including UN secretary general Kofi Annan, high American diplomats, peacekeepers and humanitarian-aid professionals. He has traveled with them to some of the world's most horrifying killing fields. Deliver Us from Evil is his report on the many crises faced by the international community and its servants as they struggle to respond around the world. He brings home the price many have paid attempting to restore peace and help alleviate terrible suffering. He illuminates the risks we face in a complex and dangerous world."--Jacket</subfield>
  </datafield>
  <datafield tag="650" ind1=" " ind2="0">
    <subfield code="a">World politics</subfield>
  </datafield>
  <datafield tag="650" ind1=" " ind2="0">
    <subfield code="a">Military history, Modern</subfield>
  </datafield>
  <datafield tag="650" ind1=" " ind2="0">
    <subfield code="a">Genocide</subfield>
  </datafield>
  <datafield tag="942" ind1=" " ind2=" ">
    <subfield code="c">EK</subfield>
  </datafield>
  <datafield tag="999" ind1=" " ind2=" ">
    <subfield code="c">17037</subfield>
    <subfield code="d">17037</subfield>
  </datafield>
  <datafield tag="952" ind1=" " ind2=" ">
    <subfield code="0">0</subfield>
    <subfield code="1">0</subfield>
    <subfield code="4">0</subfield>
    <subfield code="6">909_000000000000000_SHA_2000_A087_OR</subfield>
    <subfield code="7">0</subfield>
    <subfield code="9">73425</subfield>
    <subfield code="a">LBA</subfield>
    <subfield code="b">LBA</subfield>
    <subfield code="c">A087</subfield>
    <subfield code="d">2018-07-20</subfield>
    <subfield code="o">909 SHA 2000 A087 Or.</subfield>
    <subfield code="p">A17265</subfield>
    <subfield code="r">2018-07-20</subfield>
    <subfield code="w">2018-07-20</subfield>
    <subfield code="y">EK</subfield>
  </datafield>
</record>
